Quizzes
Events
Quiz Creation
Community
Videos
Private Events
Remove Ads
Sign In
Join for FREE
Feedback
Dark Mode
Quiz Categories
Sports
Geography
Music
Movies
Television
Just For Fun
Miscellaneous
History
Literature
Language
Science
Gaming
Entertainment
Religion
Holiday
For Kids
Quiz Lab
Recent
Popular Today
Quiz Kudos Today
Editor Picks
Curator Picks
Quizzes by...
Day
Popularity
Type
Ratings
Length
Year
Community
Subscriptions
Recent Discussions
Orange Saloon
Badges
Playlists
Quests
Create
Leaderboards
Showdown
Live 5
Trivia Bingo
Activity
Puzzle Library
Sporcle Events
Private Events
Virtual Trivia
Globe League
Become a Host
Pub Owners
SporcleCon
Opinionation
Our Games
Videos
Blog
Mobile Apps
Partnerships
Remove Ads and Go Orange
Feedback
Sports
Athletes
MLB
NBA
NHL
NFL
Soccer
Sports Teams
WWE
NCAA
Football
Premier League
Basketball
Baseball
Hockey
Golf
Tennis
Cricket
Rugby
Auto Racing
Olympics
World Cup
Sports
Athletes
MLB
NBA
NHL
NFL
Soccer
Sports Teams
WWE
NCAA
Football
Premier League
Basketball
Baseball
Hockey
Golf
Tennis
Cricket
Rugby
Auto Racing
Olympics
World Cup
Random Quiz
Search Sporcle
×
Quiz Lab
Quiz Lab
Sports
Quarter
Type in answers that appear in a list
Type in answers that appear in a list
Classic
Best Score? Go Orange.
FA Cup Quarter Finalists Stats
Can you name the FA Cup Quarter Finalists?
By
ateweston85
10m
118 Questions
1,104 Plays
1,104 Plays
1,104 Plays
Comments
Comments
Give Quiz Kudos
Give Quiz Kudos
-
- Ratings
hide this ad
More Info
Replay
Link that replays current quiz
Next Quiz
Link to next quiz in quiz playlist
You Got
0%
They Got
Avg Score
69%
Avg Friend Score
Upgrade to see
Score Distribution
Jump to the score distribution portion of the page
Score
0/118
Timer
10:00
0
Plays Today
Number of QF Appearances
Team
% Correct
44
Arsenal
98.4%
47
Manchester United
97.9%
37
Liverpool
97.3%
46
Everton
96.7%
39
Chelsea
96.4%
39
Tottenham Hotspur
96.3%
30
Manchester City
95.5%
36
Aston Villa
95.4%
27
Newcastle United
94.8%
22
Sunderland
93.8%
13
Leeds United
93.3%
32
West Bromwich Albion
93%
12
Portsmouth
92.8%
6
Cardiff City
92.5%
20
West Ham United
92.5%
7
Ipswich Town
92.4%
3
Sheffield
92.4%
23
Southampton
92.4%
18
Middlesbrough
91.9%
31
Blackburn Rovers
91.7%
29
Nottingham Forest
91.5%
7
Norwich City
90.9%
20
Leicester City
90.7%
24
Derby County
90.4%
30
Wolverhampton Wanderers
90.4%
5
Swansea City
90.3%
21
Birmingham City
90.2%
16
Stoke City
90.1%
15
Fulham
89.9%
10
Crystal Palace
88.5%
23
Bolton Wanderers
88.4%
9
Queens Park Rangers
88.4%
8
Hull City
88%
5
Wimbledon
87.7%
23
Preston North End
87%
20
Burnley
86.4%
28
Sheffield Wednesday
86.3%
1
Oxford United
86.1%
5
Brighton and Hove Albion
85.9%
7
Charlton Athletic
85.9%
Number of QF Appearances
Team
% Correct
6
Blackpool
85.2%
11
Watford
85.1%
4
Wigan Athletic
84.8%
13
Notts County
84.5%
10
Huddersfield Town
84.4%
6
Reading
84.3%
11
Millwall
84.1%
7
Coventry City
84.1%
6
Bradford City
83.8%
8
Luton Town
83.7%
26
Sheffield United
83.2%
2
Plymouth Argyle
82.4%
4
Oldham Athletic
81.9%
10
Barnsley
81.6%
3
Bristol City
81.2%
5
Bury
80.3%
2
Cambridge United
79.2%
3
Bristol Rovers
78.9%
1
Chesterfield
78.7%
5
Swindon Town
77.3%
3
Tranmere Rovers
76.3%
2
Bournemouth
75.8%
4
Brentford
75%
3
Wrexham
74.5%
4
Leyton Orient
74%
1
Wycombe Wanderers
73.3%
2
Exeter City
72.9%
8
Old Etonians
72.8%
1
Carlisle United
71.9%
1
Port Vale
71.3%
2
York City
71.1%
4
Grimsby Town
70.7%
1
Gillingham
70.6%
1
Colchester United
69.4%
7
Wanderers
68.4%
7
Royal Engineers
67%
1
Crewe Alexandra
66.4%
1
Peterborough United
65.2%
1
Lincoln City
63.7%
2
Shrewsbury Town
60.2%
Number of QF Appearances
Team
% Correct
8
Oxford University
60%
4
Queens Park
59.3%
1
Mansfield Town
58.4%
5
Old Carthusians
57.1%
2
Blackburn Olympic
56.5%
7
Clapham Rovers
53.4%
3
Bradford Park Avenue
53.2%
2
Cambridge University
52.3%
1
Rangers
51.3%
4
Darwen
49.2%
1
Old Harrovians
46.6%
1
Southport
43.8%
1
Gateshead
43.3%
1
Old Foresters
43.2%
1
Marlow
40.3%
1
Glossop
39.9%
5
Swifts
38.7%
1
Derby Junction
38.6%
1
Shropshire Wanderers
36.7%
3
Maidenhead United
35%
1
Middlesbrough Ironopolis
34.2%
1
Northwich Victoria
32.6%
1
Bootle
32.3%
4
Upton Park
31.1%
3
Old Westminsters
31%
1
Church
29.6%
1
Chatham
28.9%
1
Stafford Road
28.7%
1
Birmingham St Georges
28.4%
1
Romford
28.2%
1
Hampstead Heathens
28.1%
1
Woodford Wells
28.1%
1
Druids
28%
1
Redcar
28%
1
Wednesbury Old Athletic
28%
1
South Shore
27.8%
1
Hendon
27.4%
1
Brentwood Town
24.4%
Quiz Playlist
Details
Report
Send in Message
Add To Playlist
More Info:
Name every team to have appeared in an FA Cup Quarter Final
Classic:
Type in answers that appear in a list
Last Updated: Mar 1, 2023
Quiz Scoreboard
CHALLENGE
Sign Up to Join the Scoreboard
Show All
Scores
Hide
Comments
May contain spoilers
Recently Published
Alphabetical 'K' Countries by Flag Minefield
by ylime102
Geography
3m
Pick 6: Fruits
by JohnFran
Miscellaneous
15s
Click the 1999 NBA Draft
by nibperrychub
Sports
2m
More to Explore
Quiz From the Vault
Featured Blog Post
15 Basketball Trivia Facts You Can Be March Mad About
hide this ad
You Might Also Like...
Tags
appearance
cup
FA Cup
finalist
late
Quarter
team
Today's Top Quizzes in Sports
Browse Sports
hide this ad
Today's Top Quizzes in Quarter
Browse Quarter
Top Contributed Quizzes in Sports
1
Les joueurs à 100 buts en Ligue 1 Uber Eats
2
Pick 6: NFL Teams
3
MLB 2 truths and a lie: Hall of Fame pitchers
4
2022 World Cup Stars
5
Criteria MLB: Left Handed Sluggers
6
Millionaire: NBA Finals Edition
7
Pick 6: Minor League Baseball
8
Click the 1998 NBA Draft
9
Don't Strike Out: 3000 Strikeouts
10
Pick 6: Olympics
Explore More
Trending Topics
Crossword
Harry Potter
Kpop
Marvel
Anime
NBA
Disney
Country
Soccer
The Office
Puzzle
WWE
Pokémon
Song
NFL
hide this ad
More By:
ateweston85
Quiz
Plays
Rating
Category
Featured
Created
Premier League Hattricks
8,615
4.86
Sports
Nov 22, 2012
Player and Manager in Premier League
5,751
4.55
Sports
Oct 27, 2012
WhatCulture Top 100 WWE Matches
5,591
4.18
Sports
Nov 4, 2016
Serie A Champions XI
4,809
4.47
Sports
Feb 26, 2013
England Test Cricket Records
4,623
4.78
Sports
Jul 3, 2012
Go to Creator's Profile
Score Distribution
Quiz Creator Spotlight
ateweston85
Follow
Send a Message
Quizzes Created
-
Created Quiz Play Count
-
More By This Creator
Popular Quizzes Today
1
Countries of Asia Without Outlines Minefield
2
Find the US States - No Outlines Minefield
3
Pick 6: Fruits
4
Alphabetical 'K' Countries by Flag Minefield
5
The Countries of the World
6
Find the US States
7
US States
8
Find the Countries of Europe - No Outlines Minefield
More Sports Quizzes
N'Golo Kanté's Winning XI's against Tottenham Hotspur
Quiz Lab
Trending Quizzes
Pick 6: Mountains
Pick 6: Harry Potter
Pick 6: Flags
Pick 6: NFL Teams
Pick 6: Movie Franchises
Recently Updated
NWSL Teams
pecheneg
Women's Final Four Teams by Year
bhenderson79
Presidents Quartet II
eogle
Anything But Clue(do)
eogle
Anything But Oceanian Capitals
eogle
Anything But 7
eogle
Anything But Thing
eogle
Word Ladder: February 29
pecheneg
Song Title Questions
pecheneg
Women's NCAA Tournament #1 Seeds
pecheneg
Trending Topics
Crossword
Marvel
Disney
Anime
Kpop
Harry Potter
NBA
Country
Pokémon
Song
The Office
Puzzle
WWE
NFL
Soccer
Your Account Isn't Verified!
In order to create a playlist on Sporcle, you need to verify the email address you used during registration. Go to your
Sporcle Settings
to finish the process.
Report this User
Report this user for behavior that violates our
Community Guidelines
.
Details:
Send Report
Go to the Sporcle.com Mobile Site →
Comments